Capitale par Images - Choix Multiples - Statistiques

Statistiques générales
  • Ce quiz a été pris 234 fois
  • Le résultat moyen est 7 sur 10
Statistiques - réponses
Question Réponse % Correct
Paris
100%
Londres
100%
Amsterdam
93%
Moscou
89%
Caire
78%
Tokyo
78%
Havane
70%
Téhéran
56%
Ankara
30%
Lima
26%
Aucun quiz correspondant
Distribution des résultats
% des personnes avec chaque résultat
Percentile par nombre de réponses
Votre historique - résultats
Vous n’avez pas pris ce quiz